000 00423nam a2200157 i 4500
001 30437
003 ES-MaACL
007 t|
008 030124s1970 xxk ||||1| eng d
100 1 _aBaxter, John.
_926641
245 1 4 _aThe ganster film /
_cby John Baxter.
250 _a[1st ed.].
260 _aLondon, etc. :
_bA. Zwmmer, etc.,
_c[1970]
300 _a160 p. :
_bil. ;
_c20 cm.
852 _aES-MaACL
_jE-5674
_bR.89923
999 _c30437
_d30437